History of the Conquest of Mexico, with a Preliminary View of the Ancient Mexican Civilization and the Life of the Conqueror, Hernando Cortés /

Historia de la conquista de México, que incluye también una revisión breve de la civilización azteca, así como de la historia de España en esa misma época. La obra en sí se ocupa de reseñar minuciosamente todos los acontecimientos alrededor de la conquista de México-Tenochtitlán y las diversas regio...

Ful tanımlama

Kaydedildi:
Detaylı Bibliyografya
Yazar: Prescott, William Hickling (autor)
Materyal Türü: Kitap
Dil:İngilizce
Konular:
Etiketler: Etiketle
Etiket eklenmemiş, İlk siz ekleyin!

MARC

LEADER 00000nam^a2200000^a^4500
001 000115703
005 20250526000000.0
009 20260310094104.02
037 |a Acervo ITESO - Biblioteca 
041 |a ING 
082 |a 972. 02  |b PRE 
100 |a Prescott, William Hickling  |e (autor) 
240 1 1 |a [Historia de la conquista de México por W.H. Prescott] 
245 1 0 |a History of the Conquest of Mexico, with a Preliminary View of the Ancient Mexican Civilization and the Life of the Conqueror, Hernando Cortés /  |c W.H. Prescott. 
264 |a Filadelfia, EUA :  |b David McKay,  |c 1891-1892 
300 |a 3 v. (430, 402, 448 p.) ;  |c 19.5 cm. 
336 |a texto  |b txt  |2 rdacontenido 
337 |a sin mediación  |b n  |2 rdamedio 
338 |a volumen  |b nc  |2 rdasoporte 
520 |a Historia de la conquista de México, que incluye también una revisión breve de la civilización azteca, así como de la historia de España en esa misma época. La obra en sí se ocupa de reseñar minuciosamente todos los acontecimientos alrededor de la conquista de México-Tenochtitlán y las diversas regiones del país a las cuales después se aventuraron los españoles. 
649 |a XX 
650 |a Aztecas -  |x Historia 
650 |a Nahuas -  |x Historia 
650 |a Indígenas de México -  |x Historia 
650 |a México -  |x Historia -  |y Epoca Prehispánica 
650 |a México -  |x Historia -  |y Descubrimiento y Conquista, 1517-1521 -  |x Tema Principal 
650 |a México -  |x Historia -  |y Siglo XVI 
650 |a México -  |x Historia -  |y Epoca Colonial, 1517-1821 
650 |a México -  |x Historia 
910 |a Fondo Salvador Reynoso Reynoso 
920 |a Impresos - Libros 
930 |a Libros Antiguos y Raros 
905 |a 108 
901 |a 0800002844  |b IT2  |c LRA  |u 20250526 
901 |a 0800004586  |b IT2  |c LRA  |u 20250526 
901 |a 0800003480  |b IT2  |c LRA  |u 20250526 
901 |a 0800003614  |b IT2  |c LRA  |u 20250526 
902 |a https://opac.biblio.iteso.mx/vufind/Record/000115703